Popularne numery rap/trap tygodnia 27.11-03.12 Spotify. - Statystyki

Ogólne statystyki
  • Ten quiz został rozwiązany 14 razy
  • Średni wynik to 10 z 15
Statystyki odpowiedzi
Wykonawca Odsłuchania Utwór % Poprawnych
Quebonafide, Daria Zawiałow 444K BUBBLETEA
100%
Guzior, Oskar83 783K FALA
93%
Żabson, Mata 415K Aromatyczne Przyprawy
79%
Reto 481K Billy Kid
79%
Wiatr, Sobel, Be Vis 535K Testarossa
79%
Żabson, Young Leosia, Beteo, Borucci 377K ULALA
79%
Guzior 1.04M BLUEBERRY
71%
Alberto 356K Dwutakt
71%
Kabe 452K Nad ranem
64%
Taco Hemingway 387K Polskie Tango
64%
Bedoes, Lanek 380K Rewolucja Romantyczna
64%
Sobel 392K Impreza
57%
Pezet, Kayah 372K Nisko jest Niebo
57%
Guzior 394K KUSHKOMA
43%
PRO8L3M, Andrzej Zaucha 340K Backstage
36%
Nie znaleziono quizów pasujących do podanych kryteriów
Rozkład punktacji
Procent ludzi z każdym wynikiem
Percentyl według liczby udzielonych odpowiedzi
Twoja historia wyników
Nie rozwiązałeś tego quizu